Mastering import and export management / (Record no. 188)

000 -LEADER
fixed length control field 00583 a2200181 4500
008 - FIXED-LENGTH DATA ELEMENTS--GENERAL INFORMATION
fixed length control field 210415b ||||| |||| 00| 0 eng d
020 ## - INTERNATIONAL STANDARD BOOK NUMBER
International Standard Book Number 9780814438206
082 00 - DEWEY DECIMAL CLASSIFICATION NUMBER
Classification number 658.84
Item number C7711
100 ## - MAIN ENTRY--PERSONAL NAME
Personal name Cook, Thomas A.
9 (RLIN) 4949
245 ## - TITLE STATEMENT
Title Mastering import and export management /
250 ## - EDITION STATEMENT
Edition statement 3rd ed.
260 ## - PUBLICATION, DISTRIBUTION, ETC. (IMPRINT)
Place of publication, distribution, etc New York:
Name of publisher, distributor, etc AMACOM Books,
Date of publication, distribution, etc c2017.
300 ## - PHYSICAL DESCRIPTION
Extent xii, 723 p.
504 ## - BIBLIOGRAPHY, ETC. NOTE
Bibliography, etc AMACOM, A division of Americal Management Association, I60I Broadway, New York
650 #0 - SUBJECT ADDED ENTRY--TOPICAL TERM
Topical term or geographic name as entry element Exports Management
700 ## - ADDED ENTRY--PERSONAL NAME
9 (RLIN) 4951
Personal name Raia, Kelly
942 ## - ADDED ENTRY ELEMENTS (KOHA)
Source of classification or shelving scheme
Item type Books
Holdings
Withdrawn status Lost status Source of classification or shelving scheme Damaged status Not for loan Permanent location Current location Date acquired Source of acquisition Cost, normal purchase price Full call number Barcode Date last seen Cost, replacement price Koha item type Total Checkouts Checked out Date last borrowed Total Renewals
          IMU Kolkata IMU Kolkata 2019-09-16 Apex Book Services 5512.37 658.84 C7711 13387 2019-09-16 5512.37 Books        
          IMU Kolkata IMU Kolkata 2019-09-16 Apex Book Services 5512.37 658.84 C7711 13388 2023-06-26 5512.37 Books 1 2023-12-23 2023-06-26  
          IMU Kolkata IMU Kolkata 2019-09-16 Apex Book Services 5512.37 658.84 C7711 13389 2024-02-13 5512.37 Books 3   2024-01-22 2
Designed and Maintained by IMU-KC Library, Kolkata Campus © Copyright All Rights Reserved

webs counters

Powered by Koha